EK 2024 trivia quiz - Statistieken

Algemene statistieken
  • Deze quiz is 49 keer genomen
  • De gemiddelde score is 9 van 16
Antwoordstatistieken
Hint Antwoord % Correct
De winnaar Spanje
98%
De teams die Nederland versloegen Engeland
90%
Hoeveel goals hebben de topscorers gemaakt? 3
83%
Oostenrijk
80%
Welke teams zaten er in groep A Duitsland
70%
De topscorers (achternamen) Gakpo
68%
De debutant (land) Georgie
58%
Kane
50%
Schotland
48%
De assistkoning (achternaam) Yamal
48%
Hongarije
43%
Zwitserland
38%
Olmo
35%
Musiala
30%
Mikautadze
20%
Schranz
13%
Geen overeenkomende quizzen gevonden
Scoreverdeling
Procent van Mensen met Elke Score
Percentiel versus Aantal Correcte Antwoorden
Uw Scoregeschiedenis
U heeft deze quiz nog niet genomen